| 000 | 00613nam a22002417a 4500 | ||
|---|---|---|---|
| 005 | 20250219145452.0 | ||
| 008 | 190401b2013 xxu||||| |||| 00| 0 spa d | ||
| 020 | _a9789977671000 | ||
| 041 |
_aCAB _aESP |
||
| 082 | _aR 497.836.1 M328d | ||
| 100 | _aMargery Peña, Enrique | ||
| 245 | _aDiccionario Cabécar-Español-Español Cabécar | ||
| 260 | _aCosta Rica | ||
| 260 | _bUniversidad de Costa Rica | ||
| 260 | _c2013 | ||
| 300 | _a556 páginas | ||
| 650 | _aCOSTA RICA | ||
| 650 | _aLENGUA CABÉCAR | ||
| 650 | _aINDÍGENAS | ||
| 650 | _aDICCIONARIO | ||
| 650 | _aESPAÑOL | ||
| 942 |
_cREF _2ddc |
||
| 999 |
_c11832 _d11832 |
||